| 000 | 00581nam a2200193Ia 4500 | ||
|---|---|---|---|
| 999 |
_c7947 _d7947 |
||
| 003 | OSt | ||
| 005 | 20220723130404.0 | ||
| 008 | 190216s9999||||xx |||||||||||||| ||und|| | ||
| 020 | _a9788132110200 | ||
| 040 | _coclc | ||
| 082 |
_a658.8 _bLEE/S |
||
| 100 |
_a Lee, Nancy R _91300 |
||
| 245 | 0 |
_aSocial Marketing : _bInfluencing Behaviors For Good / _cNancy R. Lee ; Philip Kotler |
|
| 250 | _a4rh ed. | ||
| 260 |
_bSage Publications, _c2012. _aNew Delhi: |
||
| 300 | _a502p | ||
| 700 |
_aKotler, Philip _91233 |
||
| 942 |
_cBK _2ddc _h658.8 _iLEE/S _k658.8 _mLEE/S |
||